Papes depuis le XXe siècle - Statistiques

Statistiques générales
  • Ce quiz a été pris 27 fois
  • Le résultat moyen est 11 sur 12
Statistiques - réponses
Année Réponse # % Correct
2013 François -
100%
1914 Benoît XV
96%
2005 Benoît XVI
96%
1958 Jean XXIII
96%
1978 Jean-Paul -
92%
1978 Jean-Paul II
92%
1878-1903 Léon XIII
92%
2025 Léon XIV
92%
1963 Paul VI
88%
1903 Pie X
88%
1922 Pie XI
88%
1939 Pie XII
88%
Aucun quiz correspondant
Distribution des résultats
% des personnes avec chaque résultat
Percentile par nombre de réponses
Votre historique - résultats
Vous n’avez pas pris ce quiz